01003cam a2200253 4500001001100000008004100011020001800052035001500070050002000085100002800105245030200133260000900435300002600444440004400470500005600514500001200570505000900582650001300591650002600604650003500630650002100665700003500686700002800721BFIL004086 1995 spa  a968-36-4688-3 aBFIL004086 4aJC575bZ36 19951 aZapata y Sandoval, Juan 0aDisceptacion sobre justicia distributiva y sobre la aceptacion de personas a ella opuesta = De ivstitia distribvtiva et acceptatione personarum ei opposita sisceptatio : en que cosas tiene lugar la aceptacion de personas y la injusta distribucion de los bienes /cJuan Zapata y Sandoval ; introd.- Fc1995 axxxv, 91 p. ;c23 cm. 0aBiblioteca Philosophica Latina Mexicana aTexto en Español con traduccion paralela en Latin a1 ejem. aBFIL 4aIgualdad 4aJusticia Distributiva 4aPluralismo (ciencias sociales) 4aDerecho Canonico1 aBeuchot Puente, Mauricio,etr.1 aLopez Cruz, Paula,eed.